000 01272nam a2200337Ia 4500
001 ebr10060868
003 CaPaEBR
006 m u
007 cr cn|||||||||
008 910313s1992 enk sb 001 0 eng d
010 _z 91012107
020 _z0203408349
020 _z0415048516
040 _aCaPaEBR
_cCaPaEBR
035 _a(OCoLC)252721790
050 1 4 _aHQ1597
_b.B793 1992eb
082 0 4 _a305.42/06/041
_220
100 1 _aBrown, Helen,
_d1946-
245 1 0 _aWomen organising
_h[electronic resource] /
_cHelen Brown.
260 _aLondon ;
_aNew York :
_bRoutledge,
_c1992.
300 _avii, 211 p.
504 _aIncludes bibliographical references and index.
533 _aElectronic reproduction.
_bPalo Alto, Calif. :
_cebrary,
_d2009.
_nAvailable via World Wide Web.
_nAccess may be limited to ebrary affiliated libraries.
650 0 _aFeminism
_zGreat Britain
_xSocieties, etc.
650 0 _aWomen in community organization
_zGreat Britain.
650 0 _aWomen in cooperative societies
_zGreat Britain.
650 0 _aOrganization.
655 7 _aElectronic books.
_2local
710 2 _aebrary, Inc.
856 4 0 _uhttp://site.ebrary.com/lib/rucke/Doc?id=10060868
_zAn electronic book accessible through the World Wide Web; click to view
999 _c46525
_d46525